Statystyki dla Najbardziej zaludnione współczesne państwa według wieku

Kliknij tutaj aby rozwiązać quiz!

Ogólne statystyki

  • Ten quiz został rozwiązany 18 378 razy
  • Średni wynik to 15 z 19

Statystyki odpowiedzi

Państwo% Poprawnych
Chiny
99%
Rosja
97%
Stany Zjednoczone
97%
Indie
96%
Niemcy
92%
Francja
91%
Brazylia
89%
Włochy
85%
Japonia
84%
Wielka Brytania
84%
Hiszpania
83%
Meksyk
78%
Egipt
74%
Turcja
71%
Indonezja
68%
Nigeria
63%
Iran
59%
Pakistan
58%
Bangladesz
50%

Rozkład punktacji

Percentyl według liczby udzielonych odpowiedzi

Procent ludzi z każdym wynikiem

Twoja historia wyników

Nie rozwiązałeś tego quizu